| 000 | 00390 a2200133 4500 | ||
|---|---|---|---|
| 001 | 87765 | ||
| 082 | _aPR 142 | ||
| 090 |
_c41224 _d41224 |
||
| 100 | _aMuhammad Adnan Khan, Plt Off 15462 69 EC | ||
| 245 | _aFinite Element modeling and analysis of JF-17 aircraft | ||
| 260 |
_aRisalpur _bNUST Risalpur _c2010 |
||
| 300 |
_axi, 49p. _eAbdul Munem Khan, Gp Capt |
||
| 500 | _aBE Project Reports | ||
| 942 |
_aCAE NUST _kPR 142 |
||
| 999 |
_c322838 _d322838 |
||